00625nam a2200217Ia 4500003000400000008004100004020001500045040001600060082001700076100001900093245008300112700002800195700002600223700001800249250001100267260004800278300002100326490002800347650001100375650002100386GCL140319s9999 xx 000 0 eng d a2253017787 aGCL / cGCL04a947.085bS L1 aSMITH, HEDRICK10aLES RUSSES : bLA VIE DE TOUS LES JOURS EN UNION SOVIETIQUE / cSMITH, HEDRICK1 aWATKINS, FRANCE - MAIRE1 aWITTA, JEANNE - MAIRE1 aSISSUNG, MAND aSECOND aفرنسا : bEDITIONS PRINCESSE ، c1976 a16 CM ؛ c718 P aLE LIVRE DE POCHEv501204aRUSSIA04aRUSSIA - HISTORY